BUBT Library Online Catalog

NTCS Dictionary Phrasel Verbs (Record no. 379)

000 -LEADER
fixed length control field 00604nam a22002297a 4500
008 - FIXED-LENGTH DATA ELEMENTS--GENERAL INFORMATION
fixed length control field 130514b xxu||||| |||| 00| 0 eng d
020 ## - INTERNATIONAL STANDARD BOOK NUMBER
International Standard Book Number 81-85617-67-8
024 ## - OTHER STANDARD IDENTIFIER
Terms of availability available
037 ## - SOURCE OF ACQUISITION
Terms of availability available
082 ## - DEWEY DECIMAL CLASSIFICATION NUMBER
Edition number 22
Classification number 423 SPN
100 ## - MAIN ENTRY--PERSONAL NAME
Personal name Spears, Richard A
245 ## - TITLE STATEMENT
Title NTCS Dictionary Phrasel Verbs
250 ## - EDITION STATEMENT
Edition statement
260 ## - PUBLICATION, DISTRIBUTION, ETC. (IMPRINT)
Place of publication, distribution, etc. USA
Name of publisher, distributor, etc. NTCS Publishing Group
Date of publication, distribution, etc. 1998
300 ## - PHYSICAL DESCRIPTION
Extent 13 cm
Other physical details 873 page
Type of unit 7
Size of unit 13 cm
600 ## - SUBJECT ADDED ENTRY--PERSONAL NAME
Personal name Dictionaries
700 ## - ADDED ENTRY--PERSONAL NAME
Personal name Spears, Richard A
270 ## - ADDRESS
Address New York
City New York
Country USA
365 ## - TRADE PRICE
Price amount 225.00
Unit of pricing 225.00
942 ## - ADDED ENTRY ELEMENTS (KOHA)
Source of classification or shelving scheme
Koha item type Books

No items available.

More Information About Library

Library Hours

  • Open: 9.00 am. to 9.00 pm.
  • Only Sunday: 9.00 am. to 6.00 pm.
  • Closed: Holiday

Contact to the University

Bangladesh University of Business and Technology Library

  • Mirpurl-2, 1216.
  • Phone:
  • Fax:
  • E-Mail: admin.library@bubt.edu.bd

Contact to the Library

Contact Person:

Md. Abdul Hakim Shah
Joint Librarian
PABX No:  113
Cell No: 01816332931
E-mail: official: admin.library@bubt.edu.bd
Personal: hakim.shah@bubt.edu.bd


BUBT Library

Copyright © 2021